Sociálne podnikanie a možnosti jeho uplatnenia na Slovensku

Pojem sociálne služby, sociálne podnikanie. Podstata sociálnej ekonomiky a sociálneho podnikania. Sociálny kapitál ako nevyhnutný predpoklad sociálneho podnikania. Financovanie sociálneho podnikania. Efekty sociálneho podnikania na Slovensku.

Saved in:
Bibliographic Details
Main Author: Haladová, Martina
Format: Book Chapter
Language:Slovak
Subjects:
Tags: Add Tag
No Tags, Be the first to tag this record!

MARC

LEADER 00000naa$a2200000$$$4500
001 0103107
005 20221207082235.3
041 0 |a slo 
044 |a SK 
245 1 0 |a Sociálne podnikanie a možnosti jeho uplatnenia na Slovensku  |c Martina Haladová 
520 |a Pojem sociálne služby, sociálne podnikanie. Podstata sociálnej ekonomiky a sociálneho podnikania. Sociálny kapitál ako nevyhnutný predpoklad sociálneho podnikania. Financovanie sociálneho podnikania. Efekty sociálneho podnikania na Slovensku. 
610 2 0 |a podnikanie 
610 2 0 |a služby sociálne 
610 2 0 |a ekonomika sociálna 
610 2 0 |a sektor terciárny 
610 2 0 |a kapitál sociálny 
610 2 0 |a financovanie 
610 2 0 |a financie verejné 
610 2 0 |a granty 
610 2 0 |a dary 
100 1 |a Haladová, Martina